[Event "Cologne Ford op 17th"]
[Site "Cologne"]
[Date "2011.05.23"]
[Round "6"]
[White "Melters, Hans"]
[Black "Zimmermann, Ruth"]
[Result "0-1"]
[WhiteElo "1244"]
[BlackElo "1438"]
[PlyCount "70"]
[EventDate "2011.04.12"]
[EventType "swiss"]
[EventRounds "7"]
[EventCountry "GER"]
[SourceTitle "EXT 2012"]
[Source "ChessBase"]
[SourceDate "2011.11.24"]
[SourceVersion "1"]
[SourceVersionDate "2011.11.24"]
[SourceQuality "1"]

1. e4 e6 2. d4 d5 3. e5 c5 4. c3 Nc6 5. Nf3 Qb6 6. Na3 a6 7. Be2 Bd7 8. 0-0 Rc8 9. Bg5 h6 10. Bc1 cxd4 11. cxd4 Nge7 12. Nc2 Nf5 13. Be3 Be7 14. Bd3 Nxe3 15. fxe3 0-0 16. Rb1 Rc7 17. Nd2 Bg5 18. Nf3 Be7 19. Nd2 Bg5 20. Nf3 Be7 21. Nd2 Nb4 22. Nxb4 Bxb4 23. Nf3 Rfc8 24. Nd2 Qa5 25. Nb3 Qb6 26. Qh5 Bb5 27. Bxb5 Qxb5 28. Nc5 Bxc5 29. dxc5 Qxc5 30. Qf3 d4 31. Rbc1 Qxc1 32. Rxc1 Rxc1+ 33. Kf2 R8c2+ 34. Kg3 Rxb2 35. exd4 Rcc2 0-1

[Event "Cologne Ford op 17th"]
[Site "Cologne"]
[Date "2011.05.09"]
[Round "4"]
[White "Zimmermann, Ruth"]
[Black "Kronseder, Michael"]
[Result "1/2-1/2"]
[WhiteElo "1438"]
[BlackElo "1608"]
[PlyCount "58"]
[EventDate "2011.04.12"]
[EventType "swiss"]
[EventRounds "7"]
[EventCountry "GER"]
[SourceTitle "EXT 2012"]
[Source "ChessBase"]
[SourceDate "2011.11.24"]
[SourceVersion "1"]
[SourceVersionDate "2011.11.24"]
[SourceQuality "1"]

1. e4 d6 2. d4 Nf6 3. Nc3 g6 4. Nf3 Bg7 5. Be2 c5 6. dxc5 Qa5 7. 0-0 Qxc5 8. h3 0-0 9. a3 Bd7 10. Be3 Qc7 11. Qd2 Rd8 12. Rad1 Bc6 13. e5 Ne4 14. Nxe4 Bxe4 15. e6 fxe6 16. Ng5 Bd5 17. Bf3 Bxf3 18. Nxe6 Qd7 19. Nxd8 Bxd1 20. Qd5+ e6 21. Nxe6 Bf3 22. gxf3 Qc6 23. Qxc6 Nxc6 24. Nxg7 Kxg7 25. Rd1 Rd8 26. f4 a6 27. c4 Ne7 28. Bd4+ Kf7 29. Bb6 Rd7 1/2-1/2

[Event "Troisdorf op "]
[Site "Troisdorf"]
[Date "2010.11.09"]
[Round "3"]
[White "Zimmermann, Ruth"]
[Black "Witte, Volker"]
[Result "0-1"]
[WhiteElo "1448"]
[BlackElo "1672"]
[PlyCount "80"]
[EventDate "2010.10.26"]
[EventType "swiss"]
[EventRounds "7"]
[EventCountry "GER"]
[SourceTitle "EXT 2013"]
[Source "ChessBase"]
[SourceDate "2012.11.22"]
[SourceVersion "1"]
[SourceVersionDate "2012.11.22"]
[SourceQuality "1"]

1. e4 c6 2. d4 d5 3. exd5 cxd5 4. Nf3 Nf6 5. Bd3 Bg4 6. c3 Qc7 7. Nbd2 e6 8. Qc2 Bd6 9. 0-0 Nc6 10. h3 Bh5 11. Re1 0-0-0 12. b4 Bg6 13. b5 Nb4 14. cxb4 Qxc2 15. Bxc2 Bxc2 16. Ne5 Rhf8 17. Bb2 Ba4 18. Rec1+ Kb8 19. b6 axb6 20. a3 Nd7 21. Ndf3 f6 22. Nxd7+ Bxd7 23. Bc3 Rc8 24. a4 Rc7 25. Bd2 Rxc1+ 26. Bxc1 Bxb4 27. Rb1 Ba5 28. Ba3 Rc8 29. Bd6+ Ka7 30. Bb4 Bxb4 31. Rxb4 Rc1+ 32. Kh2 Rc4 33. Rb1 Kb8 34. Rxb6 Kc7 35. a5 Ra4 36. Rb1 Rxa5 37. Rc1+ Kd6 38. Kg1 Rb5 39. Ra1 Rb2 40. Rc1 b5 0-1

[Event "Cologne Chess Days op"]
[Site "Cologne"]
[Date "2010.08.22"]
[Round "5"]
[White "Zimmermann, Ruth"]
[Black "Van Kempen, Susanne"]
[Result "1/2-1/2"]
[WhiteElo "1794"]
[BlackElo "1567"]
[PlyCount "38"]
[EventDate "2010.08.20"]
[EventType "swiss"]
[EventRounds "5"]
[EventCountry "GER"]
[SourceTitle "EXT 2011"]
[Source "ChessBase"]
[SourceDate "2010.11.26"]
[SourceVersion "1"]
[SourceVersionDate "2010.11.26"]
[SourceQuality "1"]

1. e4 e5 2. Nf3 Nc6 3. Bc4 Bc5 4. c3 Nf6 5. d3 0-0 6. 0-0 h6 7. Re1 Re8 8. b4 Bb6 9. a4 a5 10. b5 Nb8 11. Qb3 Re7 12. Ba3 d6 13. Nbd2 Be6 14. d4 Bxc4 15. Qxc4 exd4 16. cxd4 Rd7 17. d5 Ng4 18. Re2 Qf6 19. Rf1 Ne5 1/2-1/2

[Event "Cologne Chess Days op"]
[Site "Cologne"]
[Date "2010.08.20"]
[Round "1"]
[White "Zimmermann, Ruth"]
[Black "Hund, Barbara"]
[Result "0-1"]
[WhiteElo "1794"]
[BlackElo "2224"]
[PlyCount "66"]
[EventDate "2010.08.20"]
[EventType "swiss"]
[EventRounds "5"]
[EventCountry "GER"]
[SourceTitle "EXT 2011"]
[Source "ChessBase"]
[SourceDate "2010.11.26"]
[SourceVersion "1"]
[SourceVersionDate "2010.11.26"]
[SourceQuality "1"]

1. e4 e5 2. Nf3 Nc6 3. Bc4 Bc5 4. c3 Nf6 5. d3 d6 6. Bg5 a6 7. a4 Ba7 8. b4 0-0 9. 0-0 Be6 10. Nbd2 Qe7 11. Qb3 h6 12. Be3 Nh5 13. d4 Bg4 14. d5 Nd8 15. h3 Bxf3 16. Nxf3 f5 17. Bxa7 Rxa7 18. Qc2 fxe4 19. Qxe4 Nf4 20. Rae1 a5 21. b5 b6 22. Bb3 Nb7 23. Nd4 Nc5 24. Nc6 Qg5 25. h4 Qxh4 26. Qe3 Raa8 27. Bc2 Rae8 28. Qg3 Qxg3 29. fxg3 Nxd5 30. Bg6 Rxf1+ 31. Rxf1 Rf8 32. Rd1 Nxc3 33. Ne7+ Kh8 0-1

[Event "Cologne Ford op"]
[Site "Cologne"]
[Date "2010.05.17"]
[Round "5"]
[White "Zimmermann, Ruth"]
[Black "Jordans, Ralph"]
[Result "0-1"]
[WhiteElo "1499"]
[BlackElo "1812"]
[PlyCount "96"]
[EventDate "2010.04.19"]
[EventType "swiss"]
[EventRounds "7"]
[EventCountry "GER"]
[SourceTitle "EXT 2011"]
[Source "ChessBase"]
[SourceDate "2010.11.26"]
[SourceVersion "1"]
[SourceVersionDate "2010.11.26"]
[SourceQuality "1"]

1. e4 c5 2. c3 g6 3. d4 e6 4. Nf3 h6 5. Bf4 Qb6 6. Qc2 Nc6 7. Be3 cxd4 8. cxd4 Qb4+ 9. Nc3 Bg7 10. a3 Qa5 11. Bd3 Nf6 12. 0-0 Ng4 13. Bd2 Qc7 14. Nb5 Qb8 15. e5 h5 16. Nd6+ Kf8 17. Ng5 Nxd4 18. Qc5 Bxe5 19. Ndxf7+ d6 20. Qb4 Nc6 21. Qb3 Rg8 22. h3 Nd4 23. Qb4 a5 24. Qb6 Nf6 25. Nxe5 dxe5 26. Qc5+ Ke8 27. Rfe1 Nd7 28. Qc4 Qd6 29. Be3 Nb6 30. Qa2 Ke7 31. Bxd4 Qxd4 32. Rad1 Qf4 33. Ne4 Rf8 34. f3 Nd5 35. Bc4 Ne3 36. Rd6 Nxg2 37. Kxg2 Qxf3+ 38. Kh2 Qf4+ 39. Kg2 Qh4 40. Qb1 Rf4 41. Rdd1 Bd7 42. Rxd7+ Kxd7 43. Qd3+ Ke8 44. Bb5+ Kf8 45. Qd6+ Kg7 46. Qxe5+ Kh6 47. Qxe6 Raf8 48. Bd3 Qxe1 0-1

[Event "Troisdorf op"]
[Site "Troisdorf"]
[Date "2009.12.01"]
[Round "6"]
[White "Karwatzki, Hans Juergen"]
[Black "Zimmermann, Ruth"]
[Result "1-0"]
[WhiteElo "1574"]
[BlackElo "1504"]
[PlyCount "61"]
[EventDate "2009.10.27"]
[EventType "swiss"]
[EventRounds "7"]
[EventCountry "GER"]
[SourceTitle "EXT 2011"]
[Source "ChessBase"]
[SourceDate "2010.11.26"]
[SourceVersion "1"]
[SourceVersionDate "2010.11.26"]
[SourceQuality "1"]

1. e4 e6 2. d4 d5 3. exd5 exd5 4. Nf3 Bg4 5. c4 c6 6. Nc3 Nf6 7. Be3 Bd6 8. c5 Bc7 9. Bd3 b6 10. b4 bxc5 11. bxc5 Ba5 12. Bd2 Qe7+ 13. Kf1 Bc7 14. Qc2 0-0 15. Re1 Qd8 16. Bg5 Nbd7 17. Bxh7+ Kh8 18. Ne5 Qc8 19. Bd3 Bxe5 20. dxe5 Nh5 21. h3 Be6 22. g4 f6 23. exf6 Nhxf6 24. Rxe6 Nxc5 25. Rxf6 gxf6 26. Bh6 Re8 27. Bf5 Qa6+ 28. Kg2 d4 29. Nd5 cxd5 30. Qxc5 Qxa2 31. Qc7 1-0

[Event "Troisdorf op"]
[Site "Troisdorf"]
[Date "2009.11.03"]
[Round "2"]
[White "Spira, Uwe"]
[Black "Zimmermann, Ruth"]
[Result "1-0"]
[WhiteElo "1704"]
[BlackElo "1504"]
[PlyCount "103"]
[EventDate "2009.10.27"]
[EventType "swiss"]
[EventRounds "7"]
[EventCountry "GER"]
[SourceTitle "EXT 2011"]
[Source "ChessBase"]
[SourceDate "2010.11.26"]
[SourceVersion "1"]
[SourceVersionDate "2010.11.26"]
[SourceQuality "1"]

1. e4 e6 2. d4 d5 3. Nd2 dxe4 4. Nxe4 Nd7 5. Nf3 Ngf6 6. Neg5 h6 7. Nh3 Bd6 8. Bd3 b6 9. 0-0 Bb7 10. Re1 Qe7 11. Qe2 0-0-0 12. Ba6 Kb8 13. Bxb7 Kxb7 14. a4 g5 15. Ne5 c5 16. c3 cxd4 17. Qf3+ Nd5 18. Nxf7 Rdf8 19. Nxd6+ Qxd6 20. Qg4 dxc3 21. Rxe6 h5 22. Qe4 Qc5 23. b4 N7f6 24. bxc5 Nxe4 25. Rxe4 g4 26. Ng5 bxc5 27. Ba3 Rc8 28. Rc4 Rhe8 29. Kf1 Re5 30. Nf7 Re6 31. Re1 Rf6 32. Ne5 Rcf8 33. Bxc5 Rc8 34. Be3 Rxc4 35. Nxc4 Nxe3+ 36. Nxe3 Ra6 37. Ra1 Rb6 38. Rc1 Rc6 39. Ke2 Ra6 40. Ra1 Rc6 41. Kd3 Ka6 42. Ra3 Rf6 43. Nd1 Rd6+ 44. Kc2 Rd2+ 45. Kc1 Ka5 46. Rxc3 Ra2 47. Nb2 Kb4 48. Kb1 Kxc3 49. Kxa2 Kd2 50. h3 gxh3 51. gxh3 Ke2 52. f4 1-0

[Event "Bergisch Gladbach-ch"]
[Site "Bergisch Gladbach"]
[Date "2009.10.16"]
[Round "7"]
[White "Zimmermann, Ruth"]
[Black "Gutt, Stefan"]
[Result "1/2-1/2"]
[WhiteElo "1794"]
[BlackElo "1910"]
[PlyCount "120"]
[EventDate "2009.09.04"]
[EventType "swiss"]
[EventRounds "7"]
[EventCountry "GER"]
[SourceTitle "EXT 2011"]
[Source "ChessBase"]
[SourceDate "2010.11.26"]
[SourceVersion "1"]
[SourceVersionDate "2010.11.26"]
[SourceQuality "1"]

1. e4 e6 2. d4 d5 3. exd5 exd5 4. Nf3 Bd6 5. Bd3 Nf6 6. 0-0 0-0 7. Bg5 b6 8. c3 Bb7 9. Nbd2 c5 10. Ne5 h6 11. Bh4 Re8 12. Re1 cxd4 13. cxd4 Be7 14. Bg3 Nbd7 15. Bb5 Bb4 16. Re3 Bxd2 17. Qxd2 a6 18. Bc6 Ra7 19. Rc1 Re6 20. Bxb7 Rxb7 21. Nc6 Qe8 22. Rxe6 fxe6 23. Qc2 Ne4 24. Be5 Nxe5 25. Nxe5 Rb8 26. Qc7 b5 27. Rc6 b4 28. f3 Nf6 29. Rxe6 Qxe6 30. Qxb8+ Kh7 31. Qxb4 Qf5 32. Qe1 Qf4 33. Qf2 Qc1+ 34. Qf1 Qe3+ 35. Kh1 Qxd4 36. Qd3+ Qxd3 37. Nxd3 Kg6 38. Nc5 a5 39. Kg1 Kf5 40. Nb3 a4 41. Nc5 a3 42. bxa3 d4 43. Kf2 Nd5 44. g4+ Ke5 45. Nd3+ Kd6 46. f4 Nc3 47. Nb4 Kc5 48. Ke1 Kc4 49. f5 d3 50. Nc6 Ne4 51. Ne5+ Kc3 52. Nf3 d2+ 53. Nxd2 Nxd2 54. a4 Nc4 55. h4 Kb4 56. g5 hxg5 57. hxg5 Nd6 58. f6 gxf6 59. gxf6 Kxa4 60. Kd2 Ka3 1/2-1/2

[Event "Cologne Ford op"]
[Site "Cologne"]
[Date "2009.05.25"]
[Round "5"]
[White "Zimmermann, Ruth"]
[Black "Winckler, Andreas"]
[Result "0-1"]
[WhiteElo "1464"]
[BlackElo "1705"]
[PlyCount "66"]
[EventDate "2009.04.27"]
[EventType "swiss"]
[EventRounds "7"]
[EventCountry "GER"]
[SourceTitle "EXT 2011"]
[Source "ChessBase"]
[SourceDate "2010.11.26"]
[SourceVersion "1"]
[SourceVersionDate "2010.11.26"]
[SourceQuality "1"]

1. e4 d6 2. d4 g6 3. Nf3 Bg7 4. Nc3 c6 5. Be2 Nh6 6. 0-0 0-0 7. h3 f6 8. Bc4+ Nf7 9. Bf4 b5 10. Bb3 Nd7 11. Ne2 a5 12. a3 Nb6 13. Rc1 Nc4 14. Bxc4 bxc4 15. b3 Ba6 16. Re1 e5 17. dxe5 Nxe5 18. Ned4 Qd7 19. Bd2 c5 20. Nxe5 fxe5 21. Nf3 Bc8 22. Be3 cxb3 23. Qd5+ Qf7 24. Qxf7+ Rxf7 25. cxb3 Rb8 26. Red1 Bf8 27. Bd2 Rxb3 28. Bxa5 Rxa3 29. Bb4 Ra4 30. Bxc5 dxc5 31. Rd8 Rc7 32. Nxe5 Rxe4 33. Ng4 Bxg4 0-1

[Event "Cologne Ford op"]
[Site "Cologne"]
[Date "2009.05.18"]
[Round "4"]
[White "Goerner, Florian"]
[Black "Zimmermann, Ruth"]
[Result "0-1"]
[WhiteElo "1295"]
[BlackElo "1464"]
[PlyCount "98"]
[EventDate "2009.04.27"]
[EventType "swiss"]
[EventRounds "7"]
[EventCountry "GER"]
[SourceTitle "EXT 2011"]
[Source "ChessBase"]
[SourceDate "2010.11.26"]
[SourceVersion "1"]
[SourceVersionDate "2010.11.26"]
[SourceQuality "1"]

1. c4 Nf6 2. Nc3 d5 3. e3 c6 4. d4 Nbd7 5. c5 e5 6. Bd3 Be7 7. Nge2 0-0 8. 0-0 b6 9. b4 Re8 10. Bb2 Rb8 11. Qd2 e4 12. Bb1 Ba6 13. f3 exf3 14. Rxf3 bxc5 15. bxc5 Qc7 16. Bf5 g6 17. Bh3 Bf8 18. Bxd7 Nxd7 19. Raf1 f5 20. R1f2 Nf6 21. h3 Ne4 22. Nxe4 fxe4 23. Rf7 Re7 24. Rxe7 Qxe7 25. Nf4 Bc8 26. Qe2 Bh6 27. Bc3 Rb1+ 28. Kh2 Qc7 29. Rf1 Rxf1 30. Qxf1 g5 31. g3 gxf4 32. gxf4 Qd7 33. Be1 Qf5 34. Bh4 Qh5 35. Qg2+ Qg6 36. Qxg6+ hxg6 37. Bg5 Kg7 38. Bxh6+ Kxh6 39. Kg3 g5 40. fxg5+ Kxg5 41. h4+ Kh5 42. Kg2 Kxh4 43. Kf2 Bg4 44. Kg2 Bf3+ 45. Kh2 Kg4 46. Kg1 Kg3 47. Kf1 Bg2+ 48. Ke2 Bh3 49. Kd2 Kf3 0-1

[Event "Troisdorf op"]
[Site "Troisdorf"]
[Date "2008.10.14"]
[Round "1"]
[White "Zimmermann, Ruth"]
[Black "Stier, Artem"]
[Result "0-1"]
[WhiteElo "1432"]
[BlackElo "1874"]
[PlyCount "32"]
[EventDate "2008.10.14"]
[EventType "swiss"]
[EventRounds "7"]
[EventCountry "GER"]
[SourceTitle "EXT 2011"]
[Source "ChessBase"]
[SourceDate "2010.11.26"]
[SourceVersion "1"]
[SourceVersionDate "2010.11.26"]
[SourceQuality "1"]

1. e4 e5 2. Nf3 Nc6 3. Nc3 Nf6 4. Bc4 Bc5 5. 0-0 d6 6. d3 Bg4 7. Bg5 Nd4 8. Bxf7+ Kxf7 9. Bxf6 Qxf6 10. Nxe5+ dxe5 11. Qxg4 c6 12. Qd7+ Qe7 13. Qxe7+ Kxe7 14. Na4 Bd6 15. c3 Ne2+ 16. Kh1 b5 0-1

[Event "Bergisch Gladbach-ch"]
[Site "Bergisch Gladbach"]
[Date "2007.08.28"]
[Round "2"]
[White "Raupach, Birgit"]
[Black "Zimmermann, Ruth"]
[Result "0-1"]
[WhiteElo "1013"]
[BlackElo "1519"]
[PlyCount "38"]
[EventDate "2007.08.24"]
[EventType "swiss"]
[EventRounds "7"]
[EventCountry "GER"]
[SourceTitle "EXT 2011"]
[Source "ChessBase"]
[SourceDate "2010.11.26"]
[SourceVersion "1"]
[SourceVersionDate "2010.11.26"]
[SourceQuality "1"]

1. d4 Nf6 2. Nf3 e6 3. e3 d5 4. Be2 c5 5. c4 dxc4 6. Bxc4 Bd7 7. d5 exd5 8. Bxd5 Nc6 9. Nc3 Nxd5 10. Nxd5 Be6 11. e4 Bd6 12. 0-0 0-0 13. Re1 Bxd5 14. exd5 Nb4 15. a3 Nxd5 16. Qxd5 Bxh2+ 17. Nxh2 Qxd5 18. f3 Rfe8 19. Be3 Rad8 0-1

[Event "Bergisch Gladbach-ch 24th"]
[Site "Bergisch Gladbach"]
[Date "2002.09.13"]
[Round "3"]
[White "Alleroedder, Anke"]
[Black "Zimmermann, Ruth"]
[Result "1-0"]
[WhiteElo "1291"]
[BlackElo "1461"]
[PlyCount "87"]
[EventDate "2002.08.??"]
[EventType "swiss"]
[EventRounds "7"]
[EventCountry "GER"]
[SourceTitle "EXT 2005"]
[Source "ChessBase"]
[SourceDate "2004.11.15"]
[SourceVersion "1"]
[SourceVersionDate "2004.11.15"]
[SourceQuality "1"]

1. c4 Nf6 2. Nc3 e6 3. e4 Bb4 4. d3 c5 5. e5 Ng8 6. Nf3 Nc6 7. Be2 Qc7 8. Bf4 Nge7 9. 0-0 Bxc3 10. bxc3 Ng6 11. Qd2 0-0 12. d4 cxd4 13. cxd4 b6 14. h4 Bb7 15. h5 Nge7 16. Rab1 Rad8 17. Qd3 f6 18. Bh2 fxe5 19. Ng5 Rf5 20. Ne4 d6 21. Bg4 Rff8 22. Ng5 Nf5 23. Nxe6 Qf7 24. Nxf8 Rxf8 25. Bxf5 Qxf5 26. Qxf5 Rxf5 27. dxe5 dxe5 28. g4 Rg5 29. f3 Nd4 30. Kg2 e4 31. Kf2 Nxf3 32. Bf4 Rxg4 33. Ke3 Rg2 34. Rf2 Rg4 35. c5 Rh4 36. cxb6 axb6 37. Rxb6 Bd5 38. h6 gxh6 39. Rxh6 Rxh6 40. Bxh6 Kf7 41. a4 Ke6 42. Rb2 Ne5 43. Kd4 Nc4 44. Rb5 1-0

[Event "Bergisch Gladbach-ch op"]
[Site "Bergisch Gladbach"]
[Date "2001.09.28"]
[Round "7"]
[White "Zimmermann, Ruth"]
[Black "Meier, Tobias"]
[Result "1-0"]
[WhiteElo "1348"]
[BlackElo "1138"]
[PlyCount "59"]
[EventDate "2001.08.17"]
[EventType "swiss"]
[EventRounds "7"]
[EventCountry "GER"]
[SourceTitle "EXT 2006"]
[Source "ChessBase"]
[SourceDate "2005.11.24"]
[SourceVersion "1"]
[SourceVersionDate "2005.11.24"]
[SourceQuality "1"]

1. d4 Nf6 2. Nf3 d5 3. Bg5 Ne4 4. Bh4 Nc6 5. e3 a6 6. c4 Be6 7. cxd5 Bxd5 8. a3 Na5 9. Nbd2 Qd6 10. Qa4+ Nc6 11. Nxe4 Bxe4 12. Bg3 Qd7 13. Be2 e6 14. 0-0 Be7 15. Nd2 Bg6 16. Bb5 Bc2 17. Qxc2 axb5 18. Nb3 0-0 19. Rfd1 b4 20. Nc5 Qc8 21. axb4 Rxa1 22. Rxa1 Nxb4 23. Qc4 Bxc5 24. Qxc5 Na6 25. Qc4 c6 26. b4 Qd7 27. h3 Qd5 28. Qxd5 cxd5 29. Bd6 Rc8 30. b5 1-0

[Event "Bergisch Gladbach-ch op"]
[Site "Bergisch Gladbach"]
[Date "2001.08.28"]
[Round "2"]
[White "Raupach, Birgit"]
[Black "Zimmermann, Ruth"]
[Result "0-1"]
[WhiteElo "1146"]
[BlackElo "1348"]
[PlyCount "40"]
[EventDate "2001.08.17"]
[EventType "swiss"]
[EventRounds "7"]
[EventCountry "GER"]
[SourceTitle "EXT 2006"]
[Source "ChessBase"]
[SourceDate "2005.11.24"]
[SourceVersion "1"]
[SourceVersionDate "2005.11.24"]
[SourceQuality "1"]

1. d4 Nf6 2. Nf3 e6 3. e3 d5 4. c4 c6 5. Be2 Nbd7 6. 0-0 dxc4 7. Bxc4 Nd5 8. a3 N7b6 9. b3 c5 10. Bb2 Nxc4 11. bxc4 Nf6 12. Nc3 cxd4 13. exd4 Be7 14. Ne5 0-0 15. f3 Bd7 16. d5 Bc5+ 17. Kh1 Qc7 18. Nb5 Bxb5 19. cxb5 Nxd5 20. Rb1 Ne3 0-1